Thành Cát Tư Hãn

Đã lưu trong:
書目詳細資料
主要作者: Du Trí Tiên
格式: 圖書
語言:Undetermined
出版: H. Văn Học 2002
主題:
標簽: 添加標簽
沒有標簽, 成為第一個標記此記錄!
Thư viện lưu trữ: Trung tâm Học liệu Trường Đại học Cần Thơ
LEADER 00518nam a2200181Ia 4500
001 CTU_54254
008 210402s9999 xx 000 0 und d
020 |b 159000 
082 |a 895.13081 
082 |b T305 
100 |a Du Trí Tiên 
245 0 |a Thành Cát Tư Hãn 
245 0 |c Du Trí Tiên và Chu Diệu Đình; Phong Đảo dịch 
260 |a H. 
260 |b Văn Học 
260 |c 2002 
650 |a historical fiction, chinese 
980 |a Trung tâm Học liệu Trường Đại học Cần Thơ